[Event "BL2 Ost 1112 (Women)"]
[Site "Germany"]
[Date "2011.10.29"]
[Round "1.4"]
[White "Schaedler, Karin"]
[Black "Schulz, Petra"]
[Result "1-0"]
[WhiteElo "2009"]
[BlackElo "2074"]
[PlyCount "113"]
[EventDate "2011.10.29"]
[EventType "team-tourn"]
[EventRounds "7"]
[EventCountry "GER"]
[SourceTitle "EXT 2013"]
[Source "ChessBase"]
[SourceDate "2012.11.22"]
[SourceVersion "1"]
[SourceVersionDate "2012.11.22"]
[SourceQuality "1"]
[WhiteTeam "Torgelow (W)"]
[BlackTeam "Leipzig WBA (W)"]
[WhiteTeamCountry "GER"]
[BlackTeamCountry "GER"]

1. e4 e6 2. d4 d5 3. Nc3 Bb4 4. exd5 exd5 5. a3 Bxc3+ 6. bxc3 Bf5 7. Ne2 Qe7 8. Be3 Nf6 9. Ng3 Bg6 10. Bd3 Ne4 11. Nxe4 Bxe4 12. Qg4 f5 13. Qg3 Bxd3 14. cxd3 0-0 15. 0-0 Na6 16. Rfe1 Rae8 17. Kf1 Qd7 18. Bf4 Rxe1+ 19. Rxe1 Rf6 20. Qe3 Kf7 21. Be5 Rc6 22. Qg5 Rg6 23. Qh5 Kg8 24. Re3 Rc6 25. Bf4 g6 26. Qg5 Kf7 27. Qh6 Kg8 28. Qh4 Re6 29. Rxe6 Qxe6 30. Qd8+ Kg7 31. Be5+ Kf7 32. Bxc7 Qc6 33. Bd6 Qe8 34. Qa5 Qc6 35. Be5 Ke8 36. Ke2 b5 37. Kf3 Kd7 38. Kf4 h5 39. h4 Kc8 40. Kg5 Kb7 41. Qd8 Qxc3 42. Qxd5+ Kb6 43. Qd8+ Kb7 44. Qd5+ Kb6 45. Bf6 Nc7 46. Bd8 a5 47. Bxc7+ Qxc7 48. Qe6+ Kb7 49. d5 b4 50. axb4 axb4 51. d6 Qd8+ 52. Kxg6 Kc6 53. Qc4+ Kxd6 54. Qxb4+ Ke6 55. Qc4+ Ke7 56. Qf7+ Kd6 57. Qf6+ 1-0